000 00508pab a2200145 454500
008 180718b xxu||||| |||| 00| 0 eng d
100 _aGibson Heather D.
245 _aThe scope and limits of financial liberalisation in Developing Countries: a critical survey
362 _a30(3), Apr 1994, p.579-628
650 _a Income Distribution -- Developing Countries
650 _aFinance, Public -- Developing Countries
700 _aIsakalotos Euclid
773 _aJournal of Development Studies
909 _a27308
999 _c27308
_d27308